Largest Cities on Each Continent Beginning With 'Q' - Statistics

General Stats
  • This quiz has been taken 240 times
  • The average score is 6 of 29
Answer Stats
Continent Country Population Answer % Correct
South America Ecuador 2,875,000 Quito
98%
Asia China 7,250,000 Qīngdăo
76%
Asia Iran 1,390,000 Qom
68%
North America Canada 848,776 Québec
67%
Asia Pakistan 1,250,000 Quetta
61%
North America Mexico 1,640,000 Querétaro
44%
Europe France 76,153 Quimper
42%
Africa South Africa 98,988 Queenstown
34%
Oceania New Zealand 15,800 Queenstown
34%
North America United States 43,427 Quincy (IL)
34%
Africa Egypt 84,386 Qūṣ
15%
North America Guatemala 180,796 Quetzaltenango
13%
Europe Germany 18,000 Quedlinburg
9%
Asia China 1,630,000 Qínhuángdăo
8%
Africa Egypt 252,883 Qena
7%
Asia China 1,270,000 Qingyuan
6%
Europe Malta 18,099 Qormi
6%
Africa Mozambique 246,915 Quelimane
6%
South America Ecuador 150,827 Quevedo
3%
South America Colombia 114,600 Quibdó
3%
South America Chile 151,779 Quillota
3%
Europe Portugal 24,420 Quarteira
2%
Africa Mauritiua 77,084 Quatre-Bornes
1%
North America Costa Rica 32,300 Quesada de San Carlos
1%
North America El Salvador 36,162 Quezaltepeque
1%
South America Venezuela 45,800 Quibor
1%
South America Argentina 27,600 Quitilipi
1%
Asia China 1,070,000 Qŭjìng
1%
Africa Egypt 65,690 Quweisna
1%
No matching quizzes found
Score Distribution
Percent of People with Each Score
Percentile by Number Answered
Your Score History
You have not taken this quiz